Estatísticas para Países que a Inglaterra nunca invadiu

Clique aqui para jogar o quiz

Estatísticas Gerais

  • Esse quiz foi jogado 145 vezes
  • A pontuação média é 7 de 22

Estatísticas das Respostas

ContinentePaís% Correto
AméricaBolívia
61%
AméricaParaguai
54%
EuropaVaticano
50%
EuropaAndorra
47%
EuropaSuécia
41%
EuropaMônaco
40%
EuropaLiechtenstein
38%
ÁfricaRepública do Congo
36%
EuropaLuxemburgo
35%
ÁsiaMongólia
30%
ÁfricaMali
23%
ÁfricaChade
21%
AméricaGuatemala
20%
ÁfricaBurundi
19%
ÁfricaRepública Centro-Africana
19%
EuropaBelarus
17%
ÁfricaCosta do Marfim
17%
OceaniaIlhas Marshall
17%
ÁsiaQuirguistão
17%
ÁfricaSão Tomé e Príncipe
17%
ÁsiaTajiquistão
17%
ÁsiaUzbequistão
17%

Distribuição das Pontuações

Percentil de Números Respondidos

Porcentagem de Pessoas com Cada Pontuação

Sua Pontuação Histórica

Você não jogou esse quiz